| 000 | 01465nam a2200277 a 4500 | ||
|---|---|---|---|
| 001 | ASIN1741793289 | ||
| 005 | 20170105102926.0 | ||
| 008 | 131211s2011 xxu eng d | ||
| 020 |
_a1741793289 (paperback) _c$24.99 |
||
| 020 | _a9781741793284 (paperback) | ||
| 040 | _a0 | ||
| 050 | 0 | 4 | _aDK508 |
| 082 | 0 | 4 |
_a914.770486 _bDUC 2011 |
| 100 | 1 | _aDuca, Marc Di. | |
| 245 | 1 | 0 |
_aLonely planet ukraine / _cMarc Di Duca. |
| 250 | _a3rd ed. | ||
| 260 |
_a[S.l.] : _bLonely Planet, _c2011. |
||
| 300 |
_a292 p. ; _c20 cm. |
||
| 490 | 1 | _aCountry travel guide. | |
| 520 | _a“A nation rich in colorful traditions, warm-hearted people and off-the-beaten-track travel experiences, Ukraine is one of Europe’s last genuine travel frontiers.” – Marc Di Duca, Lonely Planet Writer Our Promise You can trust our travel information because Lonely Planet authors visit the places we write about, each and every edition. We never accept freebies for positive coverage, and you can rely on us to tell it like we see it.” Inside This Book… 48 maps 25 crumbling castles 84 days of research One too many vodka toasts Inspirational photos Clear, easy-to-use maps In-depth background At-a-glance practical information Comprehensive planning tools Easy-to-read layout. | ||
| 650 | 0 | _aTravel | |
| 650 | 0 | _aUkraine | |
| 830 | 0 | _aCountry travel guide. | |
| 856 | 4 | 0 |
_3Amazon.com _uhttp://www.amazon.com/exec/obidos/ASIN/1741793289/chopaconline-20 |
| 942 |
_2ddc _cBK |
||
| 999 |
_c15808 _d15808 |
||